Spanish vocab week 30 - Statistics

General Stats
  • This quiz has been taken 8 times
  • The average score is 35 of 70
Answer Stats
Hint Answer % Correct
emigrant emigrante
100%
to adapt to adaptarse a
67%
to support apoyar
67%
to appreciate apreciar
67%
to risk arriesgarse
67%
tenth décimo
67%
of immigrant origin de origen inmigrante
67%
available disponible
67%
political asylum el asilo político
67%
census el censo
67%
development el desarrollo
67%
member state (of EU) el estado miembro
67%
way of life el estilo de vida
67%
foreigner el extranjero
67%
inhabitant el habitante
67%
home el hogar
67%
hell el infierno
67%
country of origin el país de origen
67%
to emigrate emigrar
67%
ethnic étnico
67%
discrimination la discriminación
67%
diversity la diversidad
67%
company/ business la empresa
67%
hope la esperanza
67%
training la formación
67%
border la frontera
67%
hostility la hostilidad
67%
opportunity la oportunidad
67%
Morocco Marruecos
67%
to improve mejorar
67%
to move/ leave moverse
67%
to survive sobrevivir
67%
to tolerate tolerar
67%
to come from venir de
67%
to leave abandonar
33%
overcrowded abarrotado
33%
to secure afianzar
33%
to settle in asentarse
33%
to look after/ help atender
33%
to benefit from beneficiarse de
33%
rising creciente
33%
qualified cualificado
33%
falling decreciente
33%
to carry out/ play desempeñar
33%
to move desplazarse
33%
to detain/ arrest detener
33%
contribution el aporte
33%
reception centre el centro de acogida
33%
group/ residential neighbourhood el conjunto
33%
duty el deber
33%
expense el gasto
33%
ghetto el gueto
33%
to harden/ tighten endurecer
33%
seriously bad gravísimo
33%
to flee huir
33%
illegal (without papers) ilegal
33%
to leave irse
33%
community la comunidad
33%
cattlebreeding la ganadería
33%
earning/ profit la ganancia
33%
law la ley
33%
workforce la mano de obra
33%
mobility la movilidad
33%
origin la procedencia
33%
shanty town las chabolas
33%
taxes los impuestos
33%
horrible/ pitiful penoso
33%
to treble triplicar
33%
coarse zafio
33%
to commit yourself compromoterse
0%
No matching quizzes found
Score Distribution
Percent of People with Each Score
Percentile by Number Answered
Your Score History
You have not taken this quiz